000 00640nam a22001817a 4500
999 _c189643
_d189643
005 20220708144529.0
010 _aENG-133446
020 _a9789382730422
_c1395.00
035 _aEN-116978
037 _bDBAD/PUB
082 _a658.3
100 _aDeshmukh, Prakash A.
245 _aAdvanced Human Resource Management:
_bStrategic Perspective/
_cPrakash A. Deshmukh
260 _aKanpur
_bGarima Prakashan
_c2018
270 _bkanpur
_e208021
_a132, 1st Floor, Mayur Park, Basant Vihar, Naubasta
_k09415200584
_mgarima.prakashan@gmail.com
300 _a352p.
_c22cm(hb)
_bIndex, Bibliography
942 _2ddc
_cEN
_h658.3
_mDES